[Event "DSM WK M 2012"]
[Site "Karlsruhe GER"]
[Date "2012.05.04"]
[Round "2"]
[White "Brandl, Lea Maria"]
[Black "Lagunow, Elina"]
[Result "0-1"]
[Termination "normal"]
[Board "1.1"]
[WhiteElo "1712"]
[BlackElo "1684"]
[WhiteTeam "Marienschule Limburg"]
[BlackTeam "Heinrich-Schliemann-Gymnasium Berlin"]
[PlyCount "58"]
[WhiteFideId "24693049"]
[BlackFideId "4673387"]
[EventCountry "GER"]
[EventRounds "7"]
[EventType "team-swiss"]
[EventDate "2012.05.03"]

1. d4 Nf6 2. c4 g6 3. Nc3 Bg7 4. e4 d6 5. Nf3 O-O 6. Be2 e5 7. O-O Qe7 8. d5 a5
9. b3 Na6 10. Nd2 Nc5 11. a3 Bd7 12. Rb1 c6 13. b4 axb4 14. axb4 Na6 15. Na4
cxd5 16. exd5 Bxa4 17. Qxa4 Nc5 18. Qc2 Na4 19. Nb3 Rfc8 20. Be3 Nxd5 21. Bd2
e4 22. Rfe1 Nac3 23. Bxc3 Nxc3 24. Bf3 Ra2 25. Qc1 Rxc4 26. Qf4 Nxb1 27. Rxb1
Rxb4 28. Bd1 Bd4 29. h3 Rxf2 0-1

[Event "DSM WK M 2012"]
[Site "Karlsruhe GER"]
[Date "2012.05.04"]
[Round "2"]
[White "Greßmann, Hanna"]
[Black "Liez, Franziska"]
[Result "0-1"]
[Termination "normal"]
[Board "1.2"]
[WhiteElo "1490"]
[BlackElo "1726"]
[WhiteTeam "Heinrich-Schliemann-Gymnasium Berlin"]
[BlackTeam "Marienschule Limburg"]
[PlyCount "122"]
[WhiteFideId "12930709"]
[BlackFideId "1271766"]
[EventCountry "GER"]
[EventRounds "7"]
[EventType "team-swiss"]
[EventDate "2012.05.03"]

1. e4 e5 2. Nf3 Nc6 3. Bc4 Nf6 4. d3 Bc5 5. c3 Bb6 6. O-O d6 7. Re1 O-O 8. Nbd2
Be6 9. Bb3 Nd7 10. Bc2 f5 11. exf5 Bxf5 12. Ne4 h6 13. Ng3 Bg4 14. Bb3+ Kh8 15.
Bd5 Nf6 16. Be4 Nxe4 17. Nxe4 d5 18. Ned2 Qf6 19. h3 Bf5 20. Qe2 Rae8 21. Rf1
e4 22. dxe4 dxe4 23. Nh2 Qg6 24. Ng4 h5 25. Ne3 Bxh3 26. Kh2 Bd7 27. Kh1 Ne5
28. Nd5 Ng4 29. Nxb6 Qxb6 30. Nc4 Qf6 31. g3 Nxf2+ 32. Rxf2 Qxf2 33. Qxf2 Rxf2
34. Be3 Rf3 35. Bf4 c6 36. Ne5 Bg4 37. Re1 Rf2 38. Kg1 Rxb2 39. Rxe4 Rb1+ 40.
Kf2 Kh7 41. Rb4 Rxb4 42. cxb4 Rd8 43. Ke3 Rd5 44. Nf7 g6 45. Ng5+ Kg7 46. a3 a5
47. bxa5 Rxa5 48. Bd6 Rxg5 49. Bf4 Ra5 50. Bd6 c5 51. a4 c4 52. Bb4 Rxa4 53.
Bc3+ Kf7 54. Kd4 Be6 55. Ke5 Ra3 56. Kd4 b5 57. Be1 Rb3 58. Ke4 c3 59. Kd3 Bc4+
60. Kc2 b4 61. Kc1 Bd3 0-1

[Event "DSM WK M 2012"]
[Site "Karlsruhe GER"]
[Date "2012.05.04"]
[Round "2"]
[White "Bajorski, Maria Sophie"]
[Black "Piyamit, Sophia"]
[Result "1-0"]
[Termination "normal"]
[Board "1.3"]
[WhiteElo "1455"]
[BlackElo "800"]
[WhiteTeam "Marienschule Limburg"]
[BlackTeam "Heinrich-Schliemann-Gymnasium Berlin"]
[PlyCount "35"]
[WhiteFideId "24654531"]
[EventCountry "GER"]
[EventRounds "7"]
[EventType "team-swiss"]
[EventDate "2012.05.03"]

1. e4 e5 2. Nf3 Nc6 3. Bc4 Bc5 4. Nxe5 Nxe5 5. d4 Nc6 6. dxc5 Nge7 7. O-O a6 8.
Qf3 O-O 9. Qg3 Na5 10. Bb3 Nec6 11. Nc3 Qe7 12. Be3 Nb4 13. Rad1 b5 14. cxb6 c6
15. a3 Nb7 16. axb4 Qxb4 17. Bh6 Nd6 18. Qxg7# 1-0

[Event "DSM WK M 2012"]
[Site "Karlsruhe GER"]
[Date "2012.05.04"]
[Round "2"]
[White "Kluge, Helene"]
[Black "Schröder, Janina"]
[Result "0-1"]
[Termination "normal"]
[Board "1.4"]
[WhiteElo "831"]
[BlackElo "1315"]
[WhiteTeam "Heinrich-Schliemann-Gymnasium Berlin"]
[BlackTeam "Marienschule Limburg"]
[PlyCount "46"]
[WhiteFideId "12983179"]
[BlackFideId "24693138"]
[EventCountry "GER"]
[EventRounds "7"]
[EventType "team-swiss"]
[EventDate "2012.05.03"]

1. d4 d5 2. Nf3 Nc6 3. e3 a6 4. Nbd2 Bg4 5. c3 Nf6 6. Bd3 e6 7. e4 dxe4 8. Nxe4
h6 9. h3 Bh5 10. O-O e5 11. dxe5 Nxe5 12. g4 Bg6 13. Nxe5 Nxe4 14. Nxg6 fxg6
15. Bxe4 Qf6 16. Re1 Be7 17. Qc2 O-O 18. Bxg6 Bc5 19. Rf1 Qf3 20. Qb3+ Kh8 21.
c4 Bxf2+ 22. Kh2 Bg3+ 23. Kg1 Qxf1# 0-1

[Event "DSM WK M 2012"]
[Site "Karlsruhe GER"]
[Date "2012.05.04"]
[Round "2"]
[White "Heinemann, Josefine"]
[Black "Berger, Nadja"]
[Result "1/2-1/2"]
[Termination "normal"]
[Board "2.1"]
[WhiteElo "1850"]
[BlackElo "1837"]
[WhiteTeam "Werner-von-Siemens-Gymnasium Magdeburg"]
[BlackTeam "Friedrich-Dessauer-Gymnasium Aschaffenburg"]
[PlyCount "65"]
[WhiteFideId "12900460"]
[BlackFideId "24692212"]
[EventCountry "GER"]
[EventRounds "7"]
[EventType "team-swiss"]
[EventDate "2012.05.03"]

1. e4 d5 2. exd5 Qxd5 3. Nc3 Qa5 4. d4 Nf6 5. Bc4 c6 6. Nf3 Bg4 7. Bd2 Nbd7 8.
h3 Bh5 9. Qe2 Qc7 10. g4 Bg6 11. O-O-O Nb6 12. Bb3 Nbd5 13. Ne5 e6 14. Rhe1
O-O-O 15. Nxd5 Nxd5 16. Bxd5 cxd5 17. Bf4 Bd6 18. Qd2 Kb8 19. h4 Rc8 20. c3 f6
21. Nd3 Bxd3 22. Bxd6 Qxd6 23. Qxd3 Qf4+ 24. Qe3 Qxg4 25. Qxe6 Qxe6 26. Rxe6
Rhe8 27. Rde1 Red8 28. Rg1 Rd7 29. h5 Rc6 30. Re8+ Rc8 31. Re6 Rc6 32. Re8+ Rc8
33. Re6 1/2-1/2

[Event "DSM WK M 2012"]
[Site "Karlsruhe GER"]
[Date "2012.05.04"]
[Round "2"]
[White "Zander, Carolin"]
[Black "Schwind, Clara"]
[Result "0-1"]
[Termination "normal"]
[Board "2.3"]
[WhiteElo "800"]
[BlackElo "1396"]
[WhiteTeam "Werner-von-Siemens-Gymnasium Magdeburg"]
[BlackTeam "Friedrich-Dessauer-Gymnasium Aschaffenburg"]
[PlyCount "82"]
[BlackFideId "12964581"]
[EventCountry "GER"]
[EventRounds "7"]
[EventType "team-swiss"]
[EventDate "2012.05.03"]

1. e4 c5 2. Nc3 Nc6 3. g3 g6 4. Bg2 Bg7 5. d3 Rb8 6. f4 b5 7. Nf3 d6 8. Be3 b4
9. Ne2 Bxb2 10. Rb1 Bg7 11. d4 Qa5 12. O-O cxd4 13. Nfxd4 Bd7 14. Nxc6 Bxc6 15.
Bd4 f6 16. c3 Nh6 17. cxb4 Rxb4 18. Bc3 Qc5+ 19. Nd4 Qxc3 20. Ne6 Bf8 21. Nxf8
Kxf8 22. Rc1 Qe3+ 23. Rf2 Rb2 24. Qf3 Qxc1+ 25. Bf1 Rxf2 26. Qxf2 Qc5 27. Bg2
Bb5 28. Bf3 Qxf2+ 29. Kxf2 f5 30. Ke3 Ng4+ 31. Bxg4 fxg4 32. Kd4 Kf7 33. e5 Rc8
34. exd6 exd6 35. Ke4 Ke6 36. a3 Rc4+ 37. Kd3 Rxf4+ 38. Ke3 Rf3+ 39. Ke4 d5+
40. Kd4 Kd6 41. h3 Rd3# 0-1

[Event "DSM WK M 2012"]
[Site "Karlsruhe GER"]
[Date "2012.05.04"]
[Round "2"]
[White "Fuks, Polina"]
[Black "Döring, Saskia"]
[Result "1-0"]
[Termination "normal"]
[Board "2.4"]
[WhiteElo "1231"]
[BlackElo "800"]
[WhiteTeam "Friedrich-Dessauer-Gymnasium Aschaffenburg"]
[BlackTeam "Werner-von-Siemens-Gymnasium Magdeburg"]
[PlyCount "57"]
[EventCountry "GER"]
[EventRounds "7"]
[EventType "team-swiss"]
[EventDate "2012.05.03"]

1. e4 e5 2. Nf3 Nc6 3. Bb5 Nf6 4. O-O Nxe4 5. Re1 d5 6. Nxe5 Qd6 7. Nf3 Qc5 8.
Bxc6+ Qxc6 9. d3 Bc5 10. dxe4 dxe4 11. Nc3 Bf5 12. Nd4 Bxd4 13. Qxd4 O-O 14.
Bf4 Rfd8 15. Qe3 Re8 16. Rad1 h6 17. Rd2 Qc4 18. Qg3 Rac8 19. Bxh6 Bg6 20. Bf4
Re6 21. Rd7 Bh7 22. Rxc7 Rxc7 23. Bxc7 Qb4 24. Ba5 Qf8 25. Rd1 Rg6 26. Qc7 b6
27. Rd8 f6 28. Qc4+ Kh8 29. Rxf8+ 1-0

[Event "DSM WK M 2012"]
[Site "Karlsruhe GER"]
[Date "2012.05.04"]
[Round "2"]
[White "Mehling, Katharina"]
[Black "Beier, Nina"]
[Result "1-0"]
[Termination "normal"]
[Board "3.1"]
[WhiteElo "1714"]
[BlackElo "1579"]
[WhiteTeam "Johann-Schöner-Gymnasium Karlstadt"]
[BlackTeam "Albertus-Magnus-Schule Viernheim"]
[PlyCount "120"]
[WhiteFideId "12900362"]
[BlackFideId "24660434"]
[EventCountry "GER"]
[EventRounds "7"]
[EventType "team-swiss"]
[EventDate "2012.05.03"]

1. e4 e6 2. d4 d5 3. Nd2 Ne7 4. e5 b6 5. Bd3 Ba6 6. Qe2 Bxd3 7. Qxd3 Nf5 8. Ne2
c5 9. c3 Nd7 10. Ng3 Nh4 11. O-O Be7 12. f4 g6 13. Nf3 Nf5 14. Ne2 h5 15. Bd2
c4 16. Qc2 Kf8 17. Kh1 h4 18. Neg1 Kg7 19. Nh3 Nf8 20. Qc1 Nh7 21. Be1 Qg8 22.
Bf2 Nf8 23. Nhg5 Bxg5 24. Nxg5 Ng3+ 25. Bxg3 hxg3 26. h3 Nh7 27. Qe3 Kf8 28.
Qxg3 Re8 29. Rf2 Qg7 30. b3 Rc8 31. Rb2 Ke7 32. bxc4 Rxc4 33. Rb4 Rc7 34. Nxh7
Rxh7 35. Rc1 Rh5 36. c4 Qf8 37. c5 Qc8 38. Rb5 Qa6 39. Qb3 Qb7 40. Kh2 Rc6 41.
Qa3 Kd7 42. cxb6 axb6 43. Rxc6 Qxc6 44. Qa7+ Qc7 45. Qxb6 Rh8 46. Qxc7+ Kxc7
47. a4 Ra8 48. Rb4 Kc6 49. Kg3 Ra5 50. Kg4 Kd7 51. Kg5 Ke8 52. Kf6 Ra7 53. h4
Kd7 54. Kxf7 Kc6+ 55. Kxg6 Re7 56. h5 Re8 57. Kg7 Re7+ 58. Kf6 Re8 59. h6 Kd7
60. h7 Kc6 1-0

[Event "DSM WK M 2012"]
[Site "Karlsruhe GER"]
[Date "2012.05.04"]
[Round "2"]
[White "Werner, Tanja"]
[Black "Mehling, Franziska"]
[Result "0-1"]
[Termination "normal"]
[Board "3.2"]
[WhiteElo "1153"]
[BlackElo "1691"]
[WhiteTeam "Albertus-Magnus-Schule Viernheim"]
[BlackTeam "Johann-Schöner-Gymnasium Karlstadt"]
[PlyCount "82"]
[BlackFideId "12900133"]
[EventCountry "GER"]
[EventRounds "7"]
[EventType "team-swiss"]
[EventDate "2012.05.03"]

1. e4 c5 2. Nf3 d6 3. b3 Nf6 4. d3 Nc6 5. Bb2 g6 6. Bxf6 exf6 7. Be2 Bg7 8.
Nbd2 O-O 9. O-O f5 10. Rb1 fxe4 11. Nxe4 b6 12. Qc1 d5 13. Ng3 Bb7 14. Qf4 Nb4
15. h3 Nxc2 16. Nh2 Qf6 17. Qd2 Nd4 18. Ng4 Nxe2+ 19. Nxe2 Qc6 20. Nh6+ Kh8 21.
Qf4 Qf6 22. Qxf6 Bxf6 23. Rfe1 Bg7 24. Ng4 Rfe8 25. Nf4 d4 26. Rbc1 f5 27. Nh2
Bh6 28. g3 Ba6 29. Rxe8+ Rxe8 30. Rd1 Bxf4 31. gxf4 Re2 32. a3 Ra2 33. b4 Rxa3
34. bxc5 bxc5 35. Rc1 Rc3 36. Ra1 Bxd3 37. Rxa7 Be4 38. Kf1 d3 39. Ke1 Rc1+ 40.
Kd2 Rc2+ 41. Ke3 Re2# 0-1

[Event "DSM WK M 2012"]
[Site "Karlsruhe GER"]
[Date "2012.05.04"]
[Round "2"]
[White "Schneider, Jana"]
[Black "Riederer, Jana"]
[Result "1-0"]
[Termination "normal"]
[Board "3.3"]
[WhiteElo "1537"]
[BlackElo "800"]
[WhiteTeam "Johann-Schöner-Gymnasium Karlstadt"]
[BlackTeam "Albertus-Magnus-Schule Viernheim"]
[PlyCount "79"]
[WhiteFideId "12924997"]
[EventCountry "GER"]
[EventRounds "7"]
[EventType "team-swiss"]
[EventDate "2012.05.03"]

1. e4 e5 2. Nf3 Nc6 3. d4 d5 4. Bb5 Nf6 5. Nxe5 Nxe4 6. Nxc6 bxc6 7. Bxc6+ Bd7
8. Bxa8 Qxa8 9. Bf4 Bd6 10. Bxd6 Nxd6 11. Nc3 c6 12. O-O O-O 13. Re1 Nc4 14. b3
Nd6 15. Na4 Nb5 16. Nc5 Bf5 17. Re7 Qd8 18. Re5 Bg6 19. Qd2 Qd6 20. Rae1 f6 21.
Re6 Qd8 22. Rxc6 h6 23. Ne6 Qd7 24. Nxf8 Kxf8 25. Qb4+ Kg8 26. Qxb5 a5 27. Qb8+
Kh7 28. Rc8 Be4 29. Rh8+ Kg6 30. Qe8+ Qxe8 31. Rxe8 Kf5 32. R1xe4 dxe4 33. d5
g5 34. d6 h5 35. d7 h4 36. d8=Q Kg6 37. Qd7 a4 38. Rg8+ Kh5 39. Rh8+ Kg6 40.
Qh7# 1-0

[Event "DSM WK M 2012"]
[Site "Karlsruhe GER"]
[Date "2012.05.04"]
[Round "2"]
[White "Seeger, Amelie"]
[Black "Höfling, Anna"]
[Result "1-0"]
[Termination "normal"]
[Board "3.4"]
[WhiteElo "800"]
[BlackElo "800"]
[WhiteTeam "Albertus-Magnus-Schule Viernheim"]
[BlackTeam "Johann-Schöner-Gymnasium Karlstadt"]
[PlyCount "169"]
[EventCountry "GER"]
[EventRounds "7"]
[EventType "team-swiss"]
[EventDate "2012.05.03"]

1. e4 e5 2. Nf3 Nc6 3. Nc3 Nf6 4. Bc4 Bc5 5. d3 d6 6. Bg5 Bg4 7. O-O Nd4 8. h3
Bh5 9. Be3 O-O 10. Nb5 Ne6 11. Bxc5 dxc5 12. Qe2 Nd4 13. Qe3 Nxc2 14. Qxc5 Nxa1
15. Rxa1 c6 16. Qxe5 cxb5 17. Qxb5 Bxf3 18. gxf3 a6 19. Qxb7 Ne8 20. Bxa6 Qg5+
21. Kf1 Nd6 22. Qc6 Qg6 23. e5 Rad8 24. exd6 Rxd6 25. Qe4 Rxa6 26. Qxg6 Rxg6
27. a4 Rh6 28. a5 Rxh3 29. Ke2 Re8+ 30. Kd2 Rxf3 31. a6 Rxf2+ 32. Kc3 Ra8 33.
b4 Rf6 34. b5 h6 35. Kc4 h5 36. Kc5 Re6 37. b6 Re7 38. Kc6 Rc8+ 39. Kb5 Rd7 40.
b7 Rb8 41. Kc6 Re7 42. a7 Rexb7 43. axb8=Q+ Rxb8 44. d4 Rd8 45. d5 Kf8 46. d6
Ke8 47. Re1+ Kf8 48. d7 h4 49. Kc7 Rxd7+ 50. Kxd7 g5 51. Re4 f5 52. Re5 Kg7 53.
Rxf5 Kg6 54. Re5 Kh5 55. Ke6 h3 56. Kf5 g4 57. Kf4+ Kh4 58. Re2 g3 59. Kf3 h2
60. Kg2 Kg4 61. Re3 Kf4 62. Rxg3 Kf5 63. Kxh2 Kf4 64. Kg2 Kf5 65. Re3 Kf4 66.
Rd3 Ke4 67. Rd1 Ke3 68. Kf1 Kf3 69. Rd3+ Ke4 70. Ke2 Ke5 71. Rc3 Kd4 72. Kd2
Kd5 73. Kd3 Ke5 74. Rc5+ Kd6 75. Kd4 Kd7 76. Kd5 Ke7 77. Rc6 Kd7 78. Rd6+ Ke7
79. Rg6 Kf7 80. Rd6 Ke7 81. Ra6 Kd7 82. Ra7+ Kc8 83. Rh7 Kd8 84. Kd6 Ke8 85.
Rh8+ 1-0

[Event "DSM WK M 2012"]
[Site "Karlsruhe GER"]
[Date "2012.05.04"]
[Round "2"]
[White "Evers, Annika"]
[Black "Krtschil, Anna"]
[Result "1-0"]
[Termination "normal"]
[Board "4.1"]
[WhiteElo "1774"]
[BlackElo "1524"]
[WhiteTeam "Athenaeum Stade"]
[BlackTeam "Salza Gymnasium Bad Langensalza"]
[PlyCount "53"]
[WhiteFideId "24691933"]
[BlackFideId "4611144"]
[EventCountry "GER"]
[EventRounds "7"]
[EventType "team-swiss"]
[EventDate "2012.05.03"]

1. d4 d5 2. Nf3 e6 3. e3 c6 4. Bd3 Bd6 5. O-O f5 6. c4 Nf6 7. b3 Nbd7 8. Bb2
O-O 9. Nbd2 Qe8 10. Ne5 Ne4 11. f3 Nxd2 12. Qxd2 Nf6 13. Rae1 Bd7 14. e4 Bxe5
15. dxe5 Nh5 16. exf5 exf5 17. e6 Bc8 18. g4 fxg4 19. fxg4 Rxf1+ 20. Rxf1 dxc4
21. Bxc4 b5 22. e7+ bxc4 23. Rf8+ Qxf8 24. exf8=Q+ Kxf8 25. gxh5 cxb3 26. axb3
g6 27. hxg6 1-0

[Event "DSM WK M 2012"]
[Site "Karlsruhe GER"]
[Date "2012.05.04"]
[Round "2"]
[White "Halle, Julia"]
[Black "Lange, Anika"]
[Result "0-1"]
[Termination "normal"]
[Board "4.2"]
[WhiteElo "1312"]
[BlackElo "1523"]
[WhiteTeam "Salza Gymnasium Bad Langensalza"]
[BlackTeam "Athenaeum Stade"]
[PlyCount "96"]
[WhiteFideId "24694940"]
[BlackFideId "24693405"]
[EventCountry "GER"]
[EventRounds "7"]
[EventType "team-swiss"]
[EventDate "2012.05.03"]

1. e4 c5 2. Nf3 Nc6 3. d4 cxd4 4. Nxd4 Nf6 5. Nc3 d6 6. Bc4 e6 7. O-O Be7 8.
Be3 O-O 9. f4 a6 10. Nxc6 bxc6 11. Bb3 Qc7 12. Kh1 Rb8 13. Qf3 d5 14. f5 dxe4
15. Nxe4 Nxe4 16. Qxe4 exf5 17. Bf4 fxe4 18. Bxc7 Rb7 19. Be5 Rb5 20. Bc3 Bb4
21. Bxb4 Rxb4 22. c3 Rb7 23. Rae1 Re7 24. Rf4 Rfe8 25. Ref1 Rf8 26. Re1 e3 27.
Rc4 Bd7 28. Rc5 Kh8 29. Bc4 Rb8 30. b4 f5 31. Bxa6 f4 32. Bd3 g6 33. a4 Kg7 34.
a5 Kf6 35. a6 Ra8 36. Ra5 Be8 37. Kg1 h6 38. Kf1 Re5 39. Rea1 Re7 40. Ke2 g5
41. Kf3 Bg6 42. Bc4 Be4+ 43. Ke2 g4 44. Kf1 f3 45. gxf3 gxf3 46. Re1 Bf5 47.
Rc5 Bh3+ 48. Kg1 f2+ 0-1

[Event "DSM WK M 2012"]
[Site "Karlsruhe GER"]
[Date "2012.05.04"]
[Round "2"]
[White "Schirrmeister, Laura"]
[Black "Steffens, Skrolan"]
[Result "0-1"]
[Termination "normal"]
[Board "4.4"]
[WhiteElo "1135"]
[BlackElo "800"]
[WhiteTeam "Salza Gymnasium Bad Langensalza"]
[BlackTeam "Athenaeum Stade"]
[PlyCount "62"]
[WhiteFideId "24694967"]
[EventCountry "GER"]
[EventRounds "7"]
[EventType "team-swiss"]
[EventDate "2012.05.03"]

1. e4 c5 2. Nf3 e6 3. d4 cxd4 4. Nxd4 Bc5 5. Nc3 Qb6 6. Nce2 Ne7 7. c3 e5 8. b4
Bxd4 9. cxd4 exd4 10. Qxd4 Qxd4 11. Nxd4 Nbc6 12. Bb2 Nxb4 13. Bc4 Nc2+ 14. Ke2
Nxa1 15. Bxa1 O-O 16. f4 a6 17. a4 b6 18. Kf2 Bb7 19. Bd3 Rfc8 20. h4 Rc7 21.
Ke3 Rac8 22. Bb2 Bc6 23. h5 Bxa4 24. h6 g6 25. f5 Bb5 26. Bb1 gxf5 27. exf5
Nd5+ 28. Kf2 Nb4 29. Kg3 Nd3 30. Ba1 Rc1 31. Rxc1 Rxc1 0-1

[Event "DSM WK M 2012"]
[Site "Karlsruhe GER"]
[Date "2012.05.04"]
[Round "2"]
[White "Krein, Jana"]
[Black "Polert, Annika"]
[Result "0-1"]
[Termination "normal"]
[Board "5.1"]
[WhiteElo "1362"]
[BlackElo "1806"]
[WhiteTeam "Auguste-Viktoria-Gymnasium Trier"]
[BlackTeam "Gymnasium Harksheide"]
[PlyCount "120"]
[WhiteFideId "12937762"]
[BlackFideId "24692328"]
[EventCountry "GER"]
[EventRounds "7"]
[EventType "team-swiss"]
[EventDate "2012.05.03"]

1. e4 c5 2. Nf3 d6 3. Bb5+ Bd7 4. Bxd7+ Qxd7 5. O-O Nf6 6. d3 g6 7. Nc3 Nc6 8.
Rb1 Bg7 9. Bg5 O-O 10. Qd2 Rfc8 11. Rfe1 e6 12. h3 Rab8 13. a3 b5 14. Ne2 Ne8
15. Bh6 Bh8 16. c3 a5 17. Ng3 a4 18. Kf1 Na5 19. Qc2 b4 20. c4 Nb3 21. Be3 Rb7
22. Nd2 Na5 23. Kg1 b3 24. Qd1 d5 25. exd5 exd5 26. Bf4 Nc7 27. Bh6 Ne6 28. Ne2
Rd8 29. cxd5 Qxd5 30. Nf3 Qxd3 31. Qxd3 Rxd3 32. Nf4 Rd6 33. Nxe6 Rxe6 34. Ng5
Re5 35. Rxe5 Bxe5 36. Re1 Re7 37. Nf3 Bf6 38. Rd1 Re8 39. Rd5 Nc4 40. Rxc5 Nxb2
41. Kh2 Nd3 42. Rb5 Nxf2 43. Ne1 Ne4 44. Nd3 Nc3 45. Rb7 Nb1 46. Rb6 Bg7 47.
Bxg7 Kxg7 48. Rb4 Rd8 49. Nc5 Nc3 50. Nxb3 axb3 51. Rxb3 Ne4 52. a4 Ra8 53. Ra3
Ra5 54. g3 Nc5 55. h4 Rxa4 56. Rc3 Ra2+ 57. Kh3 Ne4 58. g4 Nxc3 59. Kg3 h5 60.
gxh5 gxh5 0-1

[Event "DSM WK M 2012"]
[Site "Karlsruhe GER"]
[Date "2012.05.04"]
[Round "2"]
[White "Köhler, Inken"]
[Black "Bach, Kira Annika"]
[Result "1-0"]
[Termination "normal"]
[Board "5.2"]
[WhiteElo "1310"]
[BlackElo "1189"]
[WhiteTeam "Gymnasium Harksheide"]
[BlackTeam "Auguste-Viktoria-Gymnasium Trier"]
[PlyCount "129"]
[WhiteFideId "12929301"]
[BlackFideId "12907677"]
[EventCountry "GER"]
[EventRounds "7"]
[EventType "team-swiss"]
[EventDate "2012.05.03"]

1. e4 e6 2. d4 d5 3. e5 c5 4. c3 Nc6 5. Bb5 Bd7 6. Nf3 Qb6 7. Ba4 Be7 8. O-O f6
9. Re1 fxe5 10. dxe5 c4 11. Qc2 O-O-O 12. Be3 Qc7 13. Bg5 h6 14. Bxe7 Ngxe7 15.
Nbd2 a6 16. Bxc6 Bxc6 17. Nd4 Bd7 18. N2f3 Rhf8 19. Qh7 Rf7 20. Rad1 Rdf8 21.
Rd2 Qa5 22. Qb1 Nf5 23. Nxf5 Rxf5 24. Nd4 R5f7 25. Qg6 Qb6 26. Re3 Re7 27. Nf3
Be8 28. Qg4 Kb8 29. Nd4 Bf7 30. Qxg7 Ree8 31. Rf3 Qc7 32. Qxh6 Qxe5 33. Re2 Qh5
34. Qxh5 Bxh5 35. Rxf8 Rxf8 36. Rxe6 Rg8 37. Re5 Bf7 38. Rf5 Bg6 39. Rg5 Bf7
40. Rxg8+ Bxg8 41. h4 Bf7 42. g4 Kc7 43. f4 Kd7 44. Kf2 Ke7 45. g5 Bg6 46. f5
Bh5 47. Kg3 Kf7 48. Kf4 b5 49. Ke5 Ke7 50. g6 Kf8 51. Kf6 a5 52. Ne6+ Kg8 53.
Kg5 Bxg6 54. fxg6 b4 55. h5 bxc3 56. bxc3 Kh8 57. g7+ Kg8 58. h6 Kh7 59. Kf5 d4
60. Nxd4 a4 61. Kf6 a3 62. Kf7 Kxh6 63. g8=Q Kh5 64. Nf3 Kh6 65. Qg6# 1-0

[Event "DSM WK M 2012"]
[Site "Karlsruhe GER"]
[Date "2012.05.04"]
[Round "2"]
[White "Mertes, Kathrin"]
[Black "Hackbarth, Rieke Marie"]
[Result "1-0"]
[Termination "normal"]
[Board "5.3"]
[WhiteElo "1085"]
[BlackElo "800"]
[WhiteTeam "Auguste-Viktoria-Gymnasium Trier"]
[BlackTeam "Gymnasium Harksheide"]
[PlyCount "33"]
[EventCountry "GER"]
[EventRounds "7"]
[EventType "team-swiss"]
[EventDate "2012.05.03"]

1. e4 e5 2. Nf3 Nf6 3. Nc3 Nc6 4. Bc4 Bc5 5. O-O d6 6. h3 O-O 7. d3 Nd4 8. Nxd4
exd4 9. Nd5 Qe8 10. Nxf6+ gxf6 11. Bh6 d5 12. Bxd5 Bd6 13. Bxb7 Qe5 14. f4 Qe6
15. f5 Qe5 16. Qg4+ Kh8 17. Qg7# 1-0

[Event "DSM WK M 2012"]
[Site "Karlsruhe GER"]
[Date "2012.05.04"]
[Round "2"]
[White "Bahr, Hannah"]
[Black "Mauel, Valeria"]
[Result "0-1"]
[Termination "normal"]
[Board "5.4"]
[WhiteElo "800"]
[BlackElo "1051"]
[WhiteTeam "Gymnasium Harksheide"]
[BlackTeam "Auguste-Viktoria-Gymnasium Trier"]
[PlyCount "40"]
[EventCountry "GER"]
[EventRounds "7"]
[EventType "team-swiss"]
[EventDate "2012.05.03"]

1. e4 e5 2. Bd3 Bc5 3. Nf3 d6 4. O-O Bg4 5. Nc3 Nf6 6. b3 Nc6 7. a3 Nd4 8. b4
Bb6 9. a4 a6 10. a5 Ba7 11. Ba3 Nxf3+ 12. gxf3 Bh3 13. b5 Bxf1 14. Bxf1 Bd4 15.
b6 c5 16. Bc4 Nh5 17. f4 Nxf4 18. Rb1 Qg5+ 19. Kf1 Qg2+ 20. Ke1 Qxf2# 0-1

[Event "DSM WK M 2012"]
[Site "Karlsruhe GER"]
[Date "2012.05.04"]
[Round "2"]
[White "Petric, Vivien"]
[Black "Schmieder, Michelle"]
[Result "0-1"]
[Termination "normal"]
[Board "6.1"]
[WhiteElo "844"]
[BlackElo "1210"]
[WhiteTeam "Salier-Gymnasium Waiblingen"]
[BlackTeam "Clemens-Winkler-Gymnasium Aue"]
[PlyCount "100"]
[EventCountry "GER"]
[EventRounds "7"]
[EventType "team-swiss"]
[EventDate "2012.05.03"]

1. e4 e5 2. Nf3 Nc6 3. Bb5 d6 4. Nc3 Nge7 5. d3 g6 6. Bg5 Bd7 7. O-O Bg7 8. Nd5
h6 9. Bxe7 Nxe7 10. Bxd7+ Qxd7 11. h3 O-O 12. Re1 c6 13. Nc3 a5 14. Na4 Qc7 15.
Qd2 b5 16. Nc3 b4 17. Nb1 Rfe8 18. a3 bxa3 19. bxa3 d5 20. Nc3 Qd6 21. a4 d4
22. Ne2 c5 23. c4 Nc6 24. Rab1 Rab8 25. Rxb8 Rxb8 26. Ra1 Rb4 27. Nh2 Qb8 28.
f4 Rb2 29. Qc1 Rxe2 30. Rb1 Qd6 31. Qd1 Ra2 32. Nf3 exf4 33. Qe1 f6 34. Nh4 Kh7
35. Rb5 Rxa4 36. Qb1 Rb4 37. Rxb4 axb4 38. Nf3 g5 39. Qd1 h5 40. Nh2 Kg6 41.
Qe2 b3 42. Qb2 Qb8 43. Nf3 Ne5 44. Nxe5+ fxe5 45. Qa3 b2 46. Qa6+ Bf6 47. Qc6
b1=Q+ 48. Kh2 Qxd3 49. Qxc5 Qg3+ 50. Kh1 Qb1# 0-1

[Event "DSM WK M 2012"]
[Site "Karlsruhe GER"]
[Date "2012.05.04"]
[Round "2"]
[White "Kluge, Leyla"]
[Black "Georgieva, Kameliya"]
[Result "1-0"]
[Termination "normal"]
[Board "6.2"]
[WhiteElo "1372"]
[BlackElo "755"]
[WhiteTeam "Clemens-Winkler-Gymnasium Aue"]
[BlackTeam "Salier-Gymnasium Waiblingen"]
[PlyCount "59"]
[WhiteFideId "12918172"]
[EventCountry "GER"]
[EventRounds "7"]
[EventType "team-swiss"]
[EventDate "2012.05.03"]

1. c4 e5 2. Nc3 Nf6 3. g3 Bb4 4. Bg2 Nc6 5. a3 Ba5 6. b4 Bb6 7. c5 Bxc5 8. bxc5
O-O 9. d3 d6 10. cxd6 Qxd6 11. Nf3 Bg4 12. Bb2 Bxf3 13. Bxf3 Nd4 14. Bg2 b6 15.
Bxa8 Rxa8 16. O-O Qe6 17. e3 Nb3 18. Rb1 Rd8 19. Qc2 Nc5 20. Rbd1 Qh3 21. Rfe1
Ng4 22. f3 Nf6 23. Ne4 Qf5 24. Kg2 Nfxe4 25. dxe4 Qc8 26. Bxe5 Rxd1 27. Rxd1
Na4 28. Qxc7 Qe8 29. Rd8 Qxd8 30. Qxd8# 1-0

[Event "DSM WK M 2012"]
[Site "Karlsruhe GER"]
[Date "2012.05.04"]
[Round "2"]
[White "Schimmelpfennig, Desirée"]
[Black "Boden, Talitha"]
[Result "1-0"]
[Termination "normal"]
[Board "6.3"]
[WhiteElo "939"]
[BlackElo "964"]
[WhiteTeam "Salier-Gymnasium Waiblingen"]
[BlackTeam "Clemens-Winkler-Gymnasium Aue"]
[PlyCount "109"]
[EventCountry "GER"]
[EventRounds "7"]
[EventType "team-swiss"]
[EventDate "2012.05.03"]

1. e4 e5 2. Nf3 Nc6 3. Nc3 Nf6 4. Bb5 g6 5. d3 Bg7 6. O-O O-O 7. Be3 a6 8. Bxc6
bxc6 9. h3 d6 10. a3 Be6 11. Bg5 Qd7 12. Kh2 Rab8 13. b3 c5 14. b4 cxb4 15.
axb4 Rxb4 16. Rxa6 Rfb8 17. d4 R4b6 18. Rxb6 Rxb6 19. dxe5 dxe5 20. Qxd7 Bxd7
21. Nxe5 Be6 22. Rd1 Rd6 23. Ra1 Rd8 24. Nc6 Re8 25. e5 Nd7 26. f4 Bf5 27. Ne7+
Kf8 28. Nxf5 gxf5 29. Nd5 c6 30. Nf6 Bxf6 31. exf6 Kg8 32. Ra7 Rd8 33. Rc7 c5
34. Rc6 Re8 35. Rd6 Rd8 36. Rd5 c4 37. Rxf5 Nb6 38. Bh6 Nd5 39. Rg5+ Kh8 40.
Rf5 Ne3 41. Re5 Nxc2 42. Re7 Kg8 43. f5 Nd4 44. g4 c3 45. Rc7 c2 46. h4 Re8 47.
h5 Re2+ 48. Kh3 Re3+ 49. Bxe3 h6 50. Bxd4 Kh8 51. Rxc2 Kh7 52. Rc7 Kg8 53. g5
Kh7 54. g6+ Kg8 55. Rc8# 1-0